Global warming and biological diversity / (Record no. 21857)

MARC details
000 -LEADER
fixed length control field 01166pam a2200301 a 4500
001 - CONTROL NUMBER
control field 4852689
003 - CONTROL NUMBER IDENTIFIER
control field OSt
005 - DATE AND TIME OF LATEST TRANSACTION
control field 20211208140214.0
008 - FIXED-LENGTH DATA ELEMENTS--GENERAL INFORMATION
fixed length control field 910820s1992 ctuab b 101 0 eng
010 ## - LIBRARY OF CONGRESS CONTROL NUMBER
LC control number 91033532
020 ## - INTERNATIONAL STANDARD BOOK NUMBER
International Standard Book Number 0300050569 (alk. paper)
040 ## - CATALOGING SOURCE
Original cataloging agency DLC
Transcribing agency HU
Modifying agency DLC
-- WaU
-- DLC
050 00 - LIBRARY OF CONGRESS CALL NUMBER
Classification number QH543
Item number .G56 1992
082 00 - DEWEY DECIMAL CLASSIFICATION NUMBER
Classification number 574.5/222
Edition number 20
245 00 - TITLE STATEMENT
Title Global warming and biological diversity /
Statement of responsibility, etc. edited by Robert L. Peters & Thomas E. Lovejoy.
260 ## - PUBLICATION, DISTRIBUTION, ETC.
Place of publication, distribution, etc. New Haven :
Name of publisher, distributor, etc. Yale University Press,
Date of publication, distribution, etc. c1992.
300 ## - PHYSICAL DESCRIPTION
Extent xxi, 386 p. :
Other physical details ill., maps ;
Dimensions 26 cm.
504 ## - BIBLIOGRAPHY, ETC. NOTE
Bibliography, etc. note Includes bibliographical references and index.
650 #0 - SUBJECT ADDED ENTRY--TOPICAL TERM
Topical term or geographic name entry element Global warming
Form subdivision Congresses.
9 (RLIN) 22149
650 #0 - SUBJECT ADDED ENTRY--TOPICAL TERM
Topical term or geographic name entry element Biodiversity
General subdivision Climatic factors
Form subdivision Congresses.
9 (RLIN) 22150
650 #0 - SUBJECT ADDED ENTRY--TOPICAL TERM
Topical term or geographic name entry element Biodiversity conservation
Form subdivision Congresses.
9 (RLIN) 11428
650 #0 - SUBJECT ADDED ENTRY--TOPICAL TERM
Topical term or geographic name entry element Greenhouse effect, Atmospheric
Form subdivision Congresses.
9 (RLIN) 22151
700 1# - ADDED ENTRY--PERSONAL NAME
Personal name Peters, Robert L.,
Dates associated with a name 1951-
9 (RLIN) 22152
700 1# - ADDED ENTRY--PERSONAL NAME
Personal name Lovejoy, Thomas E.
9 (RLIN) 22153
906 ## - LOCAL DATA ELEMENT F, LDF (RLIN)
a 7
b cbc
c orignew
d 1
e ocip
f 19
g y-gencatlg
942 ## - ADDED ENTRY ELEMENTS (KOHA)
Source of classification or shelving scheme Dewey Decimal Classification
Koha item type Books like text book referance book
Suppress in OPAC No
Holdings
Withdrawn status Lost status Source of classification or shelving scheme Damaged status Not for loan Collection code Home library Current library Shelving location Date acquired Total Checkouts Full call number Barcode Date last seen Copy number Price effective from Koha item type
    Dewey Decimal Classification     Reference Wondo Genet Library Wondo Genet Library General Stacks 12/08/2021   574.5222 GLO 1992 WGCFNRL00009217 12/08/2021 1 12/08/2021 Books like text book referance book